Matematikai példatár az áltatlános középiskolák és gimnáziumok számára

Bibliographic Details
Main Authors: Vejsada, František (Author), Talafous, František, 1905-1983 (Author)
Other Authors: Dvorský, Józsefné (Translator), Solymos, László (Translator)
Format: Book
Language:Hungarian
Czech
PhysicalDescription:772, [5] s. grafy, ilustrácie, tabuľky 8°
Published: Bratislava Slovenské pedagogické nakladateľstvo 1973
Subjects:

MARC

LEADER 00000cam a2200000 a 4500
001 vtls008310915
003 SK-MaSNL
005 20260301040441.0
008 240509s1973 xo da frp 000 0 hun
015 |a SNBA1973/08-01752 
020 |q (viazané) 
035 |a SK01SNK19730003132 
035 |a SKM000005595 
040 |a SNK  |b slo  |c SNK  |e AACR2 
041 1 |a hun  |h cze 
044 |a xo  |c SK 
080 |a 51(075.3)(076.5)=945.11  |2 1981 
100 1 |a Vejsada, František  |4 aut  |9 205031 
240 1 0 |a Sbírka úloh z matematiky  |l Maďarsky 
245 1 0 |a Matematikai példatár az áltatlános középiskolák és gimnáziumok számára  |c szerzűk: František Vejsada a František Talafous ; [a cseh mű ered. címe: Sbírka úloh z matematiky] magyarra ford.: Dvorský Józsefné és Solymos László 
260 |a Bratislava  |b Slovenské pedagogické nakladateľstvo  |c 1973  |e Bratislava  |f Pravda 
300 |a 772, [5] s.  |b grafy, ilustrácie, tabuľky  |c 8° 
366 |e 10000 výt. 
650 0 7 |a matematika  |2 SNKPH  |9 70174 
655 7 |a učebnice stredných škôl  |2 SNKPH  |9 69323 
700 1 |a Talafous, František,  |d 1905-1983  |4 aut  |9 205030 
700 1 |a Dvorský, Józsefné  |4 trl  |9 340621 
700 1 |a Solymos, László  |4 trl  |9 340622 
852 |a Slovenská národná knižnica 
954 |a odborná, vedecká literatúra cudzojazyčná (svetová)  |2 lita 
954 |a odborná, vedecká literatúra pôvodná (slovenská)  |2 lita 
958 |a EUIPO 
958 |a OND 
958 |a RK 
958 |a UC 
958 |a OP 
958 |a CZ 
968 |b ČES 
999 |c 586151  |d 588081 
952 |t P60, <04>, [BOOK], {604}  |a SNK  |b SNK  |y VYP  |7 0  |p 17A0350018  |o snkSC 31565 D1  |0 0  |1 0  |4 0  |d 2002-09-02  |l 0  |r 2005-01-02 00:00:00  |w 2026-02-23